| 000 | 00392nam a2200157 4500 | ||
|---|---|---|---|
| 001 | 110025 | ||
| 003 | ES-MaACL | ||
| 005 | 20230906184949.0 | ||
| 007 | t| | ||
| 008 | 061121s1920 sp r ||||1| spa d | ||
| 100 | 1 |
_aObregon, Alvaro. _986422 |
|
| 245 | 1 | 3 |
_aEl problema agrario / _cAlvaro Obregon. |
| 260 |
_aMéxico : _b[s.n.], _c1920. |
||
| 300 | _a30 p. | ||
| 852 |
_aES-MaACL _j1663-F-13 |
||
| 999 |
_c110025 _d110025 |
||